Uplatnenie tvorivých metód pri výbere technologických celkov v zlievárenskej praxi - formovacie linky

Podrobná bibliografia
Hlavní autori: Žižka, Tibor (Author), Klement, Koloman (Author)
Médium: Článok
Jazyk:Slovak
Témy:
ISBN: 8022707716
Zdroj: 1. Ekonomika a ekológia zlievárenskej výroby '95 1. Bratislava : Slovenská technická univerzita, 1995 1. S. 59-63 1. 8022707716
LEADER 00999nab#a2200349#ar4500
001 000103450
003 SVKKK
005 20101223115248.0
008 101223c1995 xo |||||||||||||||b|slo
FMT
015 |a SNBRA2010/12 
038 |a SVKKK 
040 |a SVKKK  |b slo  |e AACR2 
041 0 |a slo  |b eng  |b slo 
044 |a xo  |c SK 
080 |a 621.74  |2 1997 
100 1 |a Žižka, Tibor  |4 aut 
245 1 0 |a Uplatnenie tvorivých metód pri výbere technologických celkov v zlievárenskej praxi - formovacie linky  |c Tibor Žižka, Koloman Klement 
300 |b Obr. 
504 |a Bibliogr. odkazy 
504 |a Res. angl., slov. 
650 0 4 |a zlievárenstvo 
650 0 4 |a technologický manažment 
700 1 |a Klement, Koloman  |4 aut 
773 0 |t Ekonomika a ekológia zlievárenskej výroby '95  |d Bratislava : Slovenská technická univerzita, 1995  |g S. 59-63  |z 8022707716 
958 |a RK 
958 |a NB 
974 |a Ma 
992 |a RZB 
BAS
852 |a SVKKK  |b BIB 
998 |a HUT